| 000 | 02138nam0a2200361 i 4500 | ||
|---|---|---|---|
| 001 | RU\NLR\BIBL_A\010017139 | ||
| 005 | 20241103073740.0 | ||
| 010 |
_a9785948220574 _9300 |
||
| 021 |
_aRU _b2013-90661 _96274 |
||
| 035 | _a(NILC)RuMoRGB-006695026 | ||
| 035 | _a(NLR Aleph) 010017139 | ||
| 090 |
_a9882506 _c9882506 |
||
| 100 | _a20131223d2013 um y0rusy50 ca | ||
| 101 | 0 | _arus | |
| 102 | _aRU | ||
| 105 | _aa|||z|||000yy | ||
| 200 | 1 |
_aСтойкие органические загрязнители _eуправление риском воздействия на окружающую среду и здоровье населения _e[пособие] _fФедеральное медико-биологическое агентство, Федеральное гос. унитарное предприятие "Научно-исслед. ин-т гигиены, токсикологии и профпатологии" _g[Филатов Б. Н. д.м.н., проф. и др.] _gпод ред. д.м.н., проф. Б. Н. Филатова |
|
| 210 |
_aВолгоград _c[б. и.] _d2013 |
||
| 215 |
_a180 с. _cил., табл. _d30 |
||
| 320 | _aБиблиогр.: с. 145-180 (272 назв.) | ||
| 606 |
_aОкружающая среда _jРуководства, пособия и т.п _xЗагрязнение органическими соединениями _91769643 _3RU\NLR\AUTH\66794515 |
||
| 606 |
_aЗдоровье _jРуководства, пособия и т.п _xВлияние загрязнения окружающей среды органическими соединениями _92194266 _3RU\NLR\AUTH\6601554350 |
||
| 675 | _a504.5:614.3 | ||
| 686 | 1 | _aР121.102.5я7 | |
| 702 | 1 |
_aФилатов _bБ. Н. _gБорис Николаевич _4220 |
|
| 712 | 0 | 2 |
_4570 _aНИИ гигиены, токсикологии и профпатологии _cВолгоград _9387339 _3RU\NLR\AUTH\880360068 |
| 801 | 0 |
_aRU _bRuMoRKP _c20131111 _gRCR |
|
| 801 | 2 |
_aRU _bРГБ _c20131122 _grcr |
|
| 801 | 1 |
_aRU _bRuMoRKP _c20131111 _2rusmarc |
|
| 942 | _cBOOK | ||
| 980 | _aNBR | ||